000 00970cam a2200313 a 4500
999 _c3674
_d3674
001 3315622
003 OSt
005 20191207131003.0
008 841211s1985 enka b 001 0 eng
010 _a 84029196
020 _a052124952X
020 _a0521270952 (pbk.)
040 _aDLC
_cDLC
_dDLC
050 0 0 _aQC33
_b.S68 1985
082 0 0 _a530. SQU 1994
_219
100 1 _aSquires, G. L.;
_98162
245 1 0 _aPractical Physics
250 _a3rd ed.
260 _bCambridge University Press,
_c1985.
300 _axii, 215 p. :
_bill. ;
_c24 cm.
500 _aIncludes index.
504 _aBibliography: p. [207]-209.
650 0 _aPhysics
_xExperiments.
_98163
650 0 _aPhysics
_98164
856 4 2 _3Publisher description
_uhttp://www.loc.gov/catdir/description/cam022/84029196.html
856 4 1 _3Table of contents
_uhttp://www.loc.gov/catdir/toc/cam028/84029196.html
906 _a7
_bcbc
_corignew
_d1
_eocip
_f19
_gy-gencatlg
942 _2ddc
_cSLOAN